| 000 | 00494nam a2200169Ia 4500 | ||
|---|---|---|---|
| 999 |
_c36937 _d36937 |
||
| 003 | OSt | ||
| 005 | 20200611100200.0 | ||
| 008 | 190216s9999||||xx |||||||||||||| ||und|| | ||
| 020 | _a9788183700849 | ||
| 040 | _coclc | ||
| 082 |
_a201.61 _bSIN/P |
||
| 100 |
_aSingh, M Kirti _92767 |
||
| 245 | 0 |
_aPhilosophy And Religion / _cM Kirti Singh |
|
| 260 |
_bAkansha Publishing House, _c2008. _aNew DelhiL: |
||
| 300 | _a504p | ||
| 942 |
_cREF _2ddc _h201.61 _iSIN/P _k201.61 _mSIN/P |
||